| 000 | 00571nam a22001937a 4500 | ||
|---|---|---|---|
| 005 | 20151106121204.0 | ||
| 010 | _aPUN-7781 | ||
| 020 | _c150.00 | ||
| 035 | _aPN-6899 | ||
| 037 | _aunistar books | ||
| 082 | _a850 | ||
| 100 | _aਕੁਮਾਰ,ਗੁਰਸ਼ਰਨ ਸਿੰਘ | ||
| 245 | _aਹੋੰਸਲੇ ਬੁਲੰਦ ਰੱਖੋ | ||
| 246 |
_ahosle buland Rakho _bby Gursharan Singh Kumar |
||
| 250 | _a2011 | ||
| 260 |
_aChandigarh _bUnistar Books |
||
| 300 |
_aPg.96 _b22cmਸਜਿਲਦ |
||
| 942 |
_2ddc _cPN _h850 _kਕੁਮਾਰ |
||
| 999 |
_c98105 _d98105 |
||